Statistics for NASCAR Truck Winners in the Eldora Dirt Derby

Click here to take the quiz!

General Stats

  • This quiz has been taken 218 times
    (205 since last reset)
  • The average score is 5 of 7

Answer Stats

YearWinner% Correct
2017Matt Crafton
87%
2016Kyle Larson
79%
2015Christopher Bell
71%
2013Austin Dillon
70%
2018Chase Briscoe
68%
2019Stewart Friesen
67%
2014Bubba Wallace
65%

Score Distribution

Percentile by Number Answered

Percent of People with Each Score

Your Score History

You have not taken this quiz since the last reset